Fortunas del feminismo: del Capitalismo gestionado por el Estado a la crisis neoliberal
Saved in:
| Hovedforfatter: | |
|---|---|
| Format: | Bog |
| Sprog: | spansk |
| Udgivet: |
Madrid
Traficantes de Sueños
2015
|
| Udgivelse: | 1a. ed |
| Serier: | Prácticas Constituyentes, 9
|
| Fag: | |
| Tags: |
Tilføj Tag
Ingen Tags, Vær først til at tagge denne postø!
|
MARC
| LEADER | 00000cam a2200000 a 4500 | ||
|---|---|---|---|
| 001 | UCC6429 | ||
| 003 | CL-VaPUC | ||
| 008 | 181207e20150000sp |||||||||||||||||spa|d | ||
| 020 | |a 9788494311192 | ||
| 082 | 0 | 4 | |a 305.4 |b FRA |2 21 |
| 100 | 0 | |a Fraser, Nancy |e author |9 600887 | |
| 245 | 1 | 0 | |a Fortunas del feminismo: del Capitalismo gestionado por el Estado a la crisis neoliberal |
| 250 | |a 1a. ed | ||
| 300 | |a 279 p | ||
| 942 | |c BK | ||
| 945 | |d 20181207 13:37:00 |a dcastane | ||
| 260 | |a Madrid |b Traficantes de Sueños |c 2015 | ||
| 650 | 0 | |a Mujeres |9 257649 | |
| 650 | 0 | |a Feminismo |9 259085 | |
| 650 | 0 | |a Capitalismo |9 255255 | |
| 650 | 0 | |a Neoliberalismo |9 330090 | |
| 583 | |a last modification |c 20181207 13:37:00 |k Rodrigo Vera | ||
| 490 | 0 | |a Prácticas Constituyentes, 9 | |
| 999 | |c 373377 |d 373375 | ||
| 952 | |0 0 |1 0 |3 erb |4 0 |6 305_400000000000000_FRA_2015 |7 0 |8 A |9 491476 |a BIBGIM |b BIBGIM |i 5522390 |l 2 |o 305.4 FRA 2015 |p 5522390 |r 2025-01-15 |s 2023-08-24 |w 2019-11-24 |y BK |z Catalogado en:20181207 |k SSL | ||
| 952 | |0 0 |1 0 |3 erb |4 0 |6 305_400000000000000_FRA_2015 |7 0 |8 A |9 491477 |a BIBGIM |b BIBGIM |i 5522382 |l 2 |o 305.4 FRA 2015 |p 5522382 |r 2025-01-15 |s 2020-03-05 |w 2019-11-24 |y BK |z Catalogado en:20181207 |k SSL | ||